[Event "WYb18"]
[Site "Heraklio GRE"]
[Date "2002.11.18"]
[Round "5"]
[White "Husnutdinov,D"]
[Black "Schneider,Dm"]
[Result "0-1"]
[WhiteElo "2346"]
[BlackElo "2401"]
[EventDate "2002.11.15"]

1. e4 e6 2. d4 d5 3. Nd2 Nf6 4. Bd3 c5 5. e5 Nfd7 6. c3 Nc6 7. Ne2 cxd4 8.
cxd4 f6 9. exf6 Nxf6 10. Nf3 Qc7 11. O-O Bd6 12. Bg5 O-O 13. Bh4 g6 14. Bg3
Ng4 15. Bb5 Bxg3 16. Nxg3 Qb6 17. Bxc6 bxc6 18. h3 Nh6 19. Qd2 Rxf3 20.
gxf3 Nf7 21. Rfe1 Bd7 22. Rac1 Rf8 23. h4 Nd6 24. b3 Rxf3 25. Kg2 Rf6 26.
Qe3 Nf7 27. f4 Nh6 28. Rf1 Ng4 29. Qc3 Qc7 30. Ne2 Rf8 31. Rf3 Qd8 32. Rh1
Qf6 33. Rg3 h5 34. Qd3 Kg7 35. Rf3 Qe7 36. Qc3 Qf7 37. Qd3 Qe7 38. Qc3 Qf7
39. Ng3 Qf6 40. Qc5 e5 41. dxe5 Nxe5 42. Rff1 Nd3 43. Qxa7 Rf7 44. Qe3
Nxf4+ 45. Kg1 d4 46. Qd2 c5 47. Ne2 Nh3+ 48. Kg2 Qxh4 49. Rxf7+ Kxf7 50.
Rf1+ Kg7 51. Qe1 Bc6+ 52. Kh2 Nf2+ 53. Kg1 Qh1+ 0-1

[Event "WYb18"]
[Site "Heraklio GRE"]
[Date "2002.11.18"]
[Round "5"]
[White "Arutunian,D"]
[Black "Gonzalez Menendez,I"]
[Result "1-0"]
[WhiteElo "2449"]
[BlackElo "2307"]
[EventDate "2002.11.15"]

1. e4 e6 2. d4 d5 3. Nc3 Bb4 4. e5 c5 5. a3 Bxc3+ 6. bxc3 Qa5 7. Qd2 b6 8.
Nf3 Qa4 9. Bd3 Ba6 10. Qg5 g6 11. dxc5 Bxd3 12. cxd3 bxc5 13. O-O Nd7 14.
c4 Ne7 15. cxd5 Nxd5 16. Qh6 O-O-O 17. Bg5 Rde8 18. Rfc1 Kb8 19. Be3 Rc8
20. Qg7 Nxe3 21. fxe3 Rcf8 22. Qh6 Ka8 23. Qg5 Re8 24. Nd2 Nb6 25. Rxc5 Rd8
26. Qf6 Rhf8 27. Qf3+ Kb8 28. Qe2 Rc8 29. Ne4 Rxc5 30. Nxc5 Qb5 31. Qc2 Rc8
32. d4 Qc4 33. Qd2 Qd5 34. Qf2 Nd7 35. Rb1+ Ka8 36. Nxd7 Qxd7 37. Qf3+ Qd5
38. Qxf7 Qe4 39. Qf3 Qxf3 40. gxf3 Rc3 41. Kf2 Rxa3 42. e4 Rd3 43. d5 1-0

[Event "WYb18"]
[Site "Heraklio GRE"]
[Date "2002.11.19"]
[Round "6"]
[White "Berkes,F"]
[Black "Izoria,Z"]
[Result "1-0"]
[WhiteElo "2545"]
[BlackElo "2572"]
[EventDate "2002.11.15"]

1. d4 Nf6 2. Nf3 e6 3. g3 d5 4. Bg2 Be7 5. O-O O-O 6. c4 dxc4 7. Ne5 Nc6 8.
Nxc6 bxc6 9. e3 Nd5 10. Qa4 Nb6 11. Qc2 Rb8 12. Rd1 Qe8 13. Nd2 c5 14. dxc5
Bxc5 15. Nxc4 Nxc4 16. Qxc4 Qb5 17. Qxb5 Rxb5 18. b3 Bb7 19. Bxb7 Rxb7 20.
Bb2 Bd6 21. Rac1 a5 22. Rc4 Rb4 23. Rc6 Rb5 24. Bc3 Ra8 25. Kg2 f6 26. Rc4
Rb6 27. e4 e5 28. Rd5 Rba6 29. Ra4 Bb4 30. Bxb4 axb4 31. Rxa6 Rxa6 32. Rd8+
Kf7 33. Rd7+ Kg6 34. Rxc7 Rxa2 35. Rb7 Rb2 36. Rxb4 f5 37. exf5+ Kxf5 38.
g4+ Kf6 39. Rb6+ Kf7 40. Kf3 Rc2 41. h4 Rd2 42. Rb4 Ke6 43. Ke3 Rc2 44.
Rb6+ Kf7 45. f3 h5 46. gxh5 Rh2 47. h6 gxh6 48. Rxh6 Kg7 49. Rc6 Rxh4 50.
Rc4 Rh1 51. Ke4 Re1+ 52. Kd5 Re3 53. b4 Kf6 54. f4 exf4 55. Rxf4+ Ke7 56.
Kc6 Kd8 57. b5 Rc3+ 58. Kb7 Rc7+ 59. Ka6 1-0

[Event "WYb18"]
[Site "Heraklio GRE"]
[Date "2002.11.19"]
[Round "6"]
[White "Jianu,V"]
[Black "L'Ami,E"]
[Result "1-0"]
[WhiteElo "2401"]
[BlackElo "2448"]
[EventDate "2002.11.15"]

1. d4 d5 2. c4 c6 3. Nf3 Nf6 4. cxd5 cxd5 5. Nc3 Nc6 6. Bf4 Ne4 7. e3 Nxc3
8. bxc3 g6 9. Bb5 Bg7 10. Ne5 Bxe5 11. Bxe5 O-O 12. Bg3 Na5 13. O-O Bf5 14.
Re1 Rc8 15. Rc1 Qb6 16. Qa4 a6 17. Bf1 Rfe8 18. c4 Nxc4 19. Bxc4 dxc4 20.
e4 Be6 21. d5 Bg4 22. h3 Bh5 23. Rxc4 Qb5 24. Qxb5 axb5 25. Rxc8 Rxc8 26.
e5 g5 27. d6 Rd8 28. Rc1 exd6 29. exd6 Be2 30. Rc7 Bc4 31. Be5 h6 32. a3
Kh7 33. Rxb7 Kg6 34. g4 Be2 35. Re7 Bc4 36. f3 Be6 37. Kf2 h5 38. Ke3 hxg4
39. fxg4 Rd7 40. Re8 Ra7 41. Kd4 Ra4+ 42. Kc5 Rc4+ 43. Kb6 1-0

[Event "WYb18"]
[Site "Heraklio GRE"]
[Date "2002.11.19"]
[Round "6"]
[White "Werle,J"]
[Black "Grachev,B"]
[Result "1-0"]
[WhiteElo "2434"]
[BlackElo "2489"]
[EventDate "2002.11.15"]

1. Nf3 d5 2. d4 c6 3. c4 Nf6 4. Nc3 e6 5. Bg5 dxc4 6. e4 b5 7. e5 h6 8. Bh4
g5 9. Nxg5 Nd5 10. Nf3 Qb6 11. g3 Bb7 12. Bg2 c5 13. O-O Nd7 14. a4 b4 15.
dxc5 Nxc5 16. Nb5 a6 17. Nd6+ Bxd6 18. exd6 Qxd6 19. Qd4 Rg8 20. Nd2 Nb3
21. Nxb3 cxb3 22. Rac1 Kd7 23. Rfd1 Rac8 24. Rxc8 Rxc8 25. g4 Qc5 26. Qf6
Ke8 27. Qh8+ Qf8 28. Qe5 Kd7 29. Bg3 Qe7 30. Qe3 Qg5 31. Qa7 Rc7 32. Bxd5
exd5 33. Qb6 1-0

[Event "WYb18"]
[Site "Heraklio GRE"]
[Date "2002.11.19"]
[Round "6"]
[White "Paragua,M"]
[Black "Sitnikov,A"]
[Result "1-0"]
[WhiteElo "2476"]
[BlackElo "2348"]
[EventDate "2002.11.15"]

1. e4 e6 2. d3 d5 3. Qe2 Be7 4. Nf3 Nf6 5. g3 O-O 6. Bg2 c5 7. O-O Nc6 8.
e5 Ne8 9. c4 Nc7 10. b3 b5 11. Rd1 a5 12. Nc3 Ba6 13. a4 bxc4 14. dxc4 f5
15. Nb5 Nb4 16. Ne1 Qb8 17. Nd3 Nxd3 18. Rxd3 Rd8 19. Qd1 Bb7 20. Nxc7 Qxc7
21. cxd5 Bxd5 22. Bxd5 exd5 23. Bf4 g5 24. Bd2 Qxe5 25. Re3 Qg7 26. Qe1 Bf6
27. Ra2 f4 28. Re6 Rf8 29. Bxa5 Bd4 30. Bb6 fxg3 31. hxg3 Qf7 32. Rae2 Rac8
33. b4 Qf3 34. R2e3 Bxe3 35. Rxe3 Qf7 36. Bxc5 Rfe8 37. a5 Rxe3 38. Qxe3 h6
39. b5 Re8 40. Qc3 d4 41. Bxd4 Qb7 42. Qb3+ Kf8 43. Be3 Re5 44. b6 Ke7 45.
a6 Qxa6 46. b7 Rb5 47. b8=Q Rxb3 48. Qxb3 Qe2 49. Qb7+ Ke6 50. Qc6+ Kf5 51.
Qxh6 g4 52. Qf4+ Ke6 53. Qe4+ Kf7 54. Qf5+ Kg7 55. Bd4+ Kh6 56. Qf6+ Kh5
57. Qf7+ Kg5 58. Bf6+ Kf5 59. Bd8+ 1-0

[Event "WYb18"]
[Site "Heraklio GRE"]
[Date "2002.11.19"]
[Round "6"]
[White "Maiorov,N"]
[Black "Bellaiche,A"]
[Result "1-0"]
[WhiteElo "2324"]
[BlackElo "2369"]
[EventDate "2002.11.15"]

1. d4 Nf6 2. c4 g6 3. Nf3 Bg7 4. g3 O-O 5. Bg2 c6 6. O-O d5 7. b3 Bf5 8.
Bb2 a5 9. Nc3 Ne4 10. e3 Nxc3 11. Bxc3 Be4 12. Qe2 a4 13. Bh3 Bxf3 14. Qxf3
e6 15. Qe2 Nd7 16. Rfb1 Qc7 17. Qc2 axb3 18. Qxb3 Rab8 19. a4 h5 20. cxd5
exd5 21. Bb4 Rfe8 22. a5 h4 23. Bxd7 Qxd7 24. Bc5 Bh6 25. Ra3 Qf5 26. Qd3
Re4 27. Qf1 Rbe8 28. Rxb7 Qf3 29. Bd6 c5 30. a6 cxd4 31. exd4 Qf6 32. a7
Qxd6 33. a8=Q Rxa8 34. Rxa8+ Kg7 35. Qa6 Qxa6 36. Rxa6 h3 37. Kf1 Bd2 38.
Rb1 Bg5 39. Rd1 Re7 40. Rd6 1-0

[Event "WYb18"]
[Site "Heraklio GRE"]
[Date "2002.11.19"]
[Round "6"]
[White "Sadykov,R"]
[Black "Utnasunov,A"]
[Result "1-0"]
[WhiteElo "2400"]
[BlackElo "2307"]
[EventDate "2002.11.15"]

1. e4 c5 2. Nf3 d6 3. d4 cxd4 4. Nxd4 Nf6 5. Nc3 g6 6. Be3 Bg7 7. f3 O-O 8.
Qd2 d5 9. e5 Ne8 10. f4 Nc6 11. Be2 f6 12. exf6 Nxf6 13. h3 e5 14. fxe5
Nxe5 15. O-O-O Ne4 16. Nxe4 dxe4 17. Qb4 a5 18. Qb3+ Kh8 19. Ne6 Bxe6 20.
Qxe6 Qc8 21. Qxc8 Raxc8 22. Rhf1 Rxf1 23. Bxf1 h5 24. Rd5 a4 25. a3 Nc6 26.
Rd7 Bf6 27. Bb5 Ne7 28. g4 hxg4 29. hxg4 g5 30. Bxa4 Ng6 31. Rf7 Bg7 32.
Bxg5 Ne5 33. Rf1 Nd3+ 34. Kb1 Nxb2 35. Bd7 Rc7 36. Be6 Be5 37. Rf8+ Kg7 38.
Rg8+ Kh7 39. Re8 Kg6 40. Bd8 Rc5 41. Bf5+ Kf7 42. Re7+ Kg8 43. Rxe5 Rxe5
44. Kxb2 e3 45. Bh4 Rb5+ 46. Kc1 Ra5 47. Kd1 Rxa3 48. Ke2 Kf7 49. Bg5 b5
50. Bxe3 Ra8 51. Bd4 Rd8 52. Kd3 Rg8 53. Kc3 Ke7 54. Kb4 Rd8 55. Bc5+ Kf6
56. Kxb5 Rb8+ 57. Kc4 1-0

[Event "WYb18"]
[Site "Heraklio GRE"]
[Date "2002.11.21"]
[Round "7"]
[White "Izoria,Z"]
[Black "Jianu,V"]
[Result "1-0"]
[WhiteElo "2572"]
[BlackElo "2401"]
[EventDate "2002.11.15"]

1. d4 Nf6 2. c4 c5 3. d5 b5 4. Nf3 bxc4 5. Nc3 d6 6. e4 g6 7. Bxc4 Bg7 8.
O-O O-O 9. e5 dxe5 10. Nxe5 Nfd7 11. Nxf7 Rxf7 12. d6 e6 13. Bxe6 Qf6 14.
Bd5 Nb6 15. Ne4 Qf5 16. Bxf7+ Qxf7 17. Nxc5 N8d7 18. Be3 Bxb2 19. Rb1 Bg7
20. a4 Nd5 21. Bd4 Nxc5 22. Bxg7 Ba6 23. Ba1 Bxf1 24. Qd4 Nf6 25. Qxc5 Bd3
26. Rd1 Re8 27. Bxf6 Be2 28. d7 Bxd1 29. dxe8=Q+ Qxe8 30. Bc3 Qd7 31. Qe5
h5 32. Qh8+ Kf7 33. Qg7+ Ke6 34. Qxg6+ Kd5 35. Qd3+ Kc6 36. Qb5+ Kc7 37.
Qe5+ Kb7 38. a5 Ka6 39. h3 Qc6 40. Kh2 Bb3 41. Qe2+ Kb7 42. a6+ Kc8 43. Qe5
Bf7 44. Ba5 Kd7 45. Bb4 Qc7 46. Qxc7+ Kxc7 47. Kg3 Bc4 48. Kh4 Bf1 49. g3
1-0

[Event "WYb18"]
[Site "Heraklio GRE"]
[Date "2002.11.21"]
[Round "7"]
[White "Cornette,M"]
[Black "Paragua,M"]
[Result "1-0"]
[WhiteElo "2355"]
[BlackElo "2476"]
[EventDate "2002.11.15"]

1. Nf3 Nf6 2. c4 g6 3. Nc3 Bg7 4. g3 O-O 5. Bg2 d6 6. d4 Nbd7 7. O-O e5 8.
e4 exd4 9. Nxd4 Re8 10. Re1 a6 11. b3 Rb8 12. Bb2 Ne5 13. f4 Ned7 14. Qd2
Nc5 15. h3 h5 16. Rad1 Bd7 17. e5 dxe5 18. fxe5 Nh7 19. Nf3 Nf8 20. Qe3
Nce6 21. Nd5 Nh7 22. Kh2 Nef8 23. Qf4 b5 24. c5 Qc8 25. Qh4 Qb7 26. Ne7+
Rxe7 27. Qxe7 Re8 28. Qh4 Bc6 29. Qf4 Ne6 30. Qe3 a5 31. h4 Bf8 32. Rf1
Bxc5 33. Qe2 Nhf8 34. Nd2 Nd4 35. Bxd4 Bxd4 36. Ne4 Bxe4 37. Bxe4 Qa7 38.
Bd5 Rxe5 39. Bxf7+ Kg7 40. Qf3 Re3 41. Qd5 Be5 42. Bg8 c6 43. Rf7+ Kxg8 44.
Rxf8+ Kxf8 45. Qd8+ Kg7 46. Rd7+ Qxd7 47. Qxd7+ Kf6 48. Qxc6+ Kf5 49. Qd7+
Ke4 50. Qb7+ Kd4 51. Qb6+ Kd3 52. Qxb5+ Kd2 53. Qxa5+ Ke2 54. Qd5 Bc3 55.
Kg2 Be5 56. Qc4+ Kd2 57. a4 Rxg3+ 58. Kf2 Rd3 59. a5 Bd4+ 60. Kg2 1-0

[Event "WYb18"]
[Site "Heraklio GRE"]
[Date "2002.11.21"]
[Round "7"]
[White "Maiorov,N"]
[Black "Werle,J"]
[Result "1/2-1/2"]
[WhiteElo "2324"]
[BlackElo "2434"]
[EventDate "2002.11.15"]

1. d4 Nf6 2. c4 e6 3. Nc3 Bb4 4. Qc2 O-O 5. a3 Bxc3+ 6. Qxc3 b6 7. Bg5 Bb7
8. f3 h6 9. Bh4 d5 10. e3 Nbd7 11. cxd5 Nxd5 12. Bxd8 Nxc3 13. Bh4 Nd5 14.
Bf2 f5 15. Bb5 c6 16. Bd3 e5 17. Ne2 Rae8 18. O-O exd4 19. exd4 Nb8 20. Nc3
Ba6 21. Bxa6 Nxa6 22. Nxd5 cxd5 23. Rfc1 Rc8 24. Bg3 Kf7 25. b4 Rfe8 26. b5
1/2-1/2

[Event "WYb18"]
[Site "Heraklio GRE"]
[Date "2002.11.21"]
[Round "7"]
[White "Bu Xiangzhi"]
[Black "Lopez Silva,H"]
[Result "1/2-1/2"]
[WhiteElo "2601"]
[BlackElo "2348"]
[EventDate "2002.11.15"]

1. d4 Nf6 2. c4 e6 3. Nc3 c5 4. d5 exd5 5. cxd5 d6 6. e4 g6 7. h3 Bg7 8.
Nf3 O-O 9. Bd3 b5 10. Bxb5 Nxe4 11. Nxe4 Qa5+ 12. Nfd2 Qxb5 13. Nxd6 Qa6
14. N2c4 Nd7 15. O-O Nb6 16. Nxb6 Qxb6 17. Nxc8 Raxc8 18. Rb1 Rfd8 19. Bf4
Rd7 20. Qd2 Qb7 21. Rfd1 Rcd8 22. d6 Bf8 23. Qe3 Qb6 24. b4 Bxd6 25. Bxd6
Rxd6 26. Rxd6 Rxd6 27. Qxc5 Qxc5 28. bxc5 Rc6 29. Rb5 Ra6 30. Rb2 Rc6 31.
Rc2 Kg7 32. Rc4 Kf6 33. Ra4 Rxc5 34. Rxa7 Rc2 35. g4 h6 36. Kg2 Rd2 37. Ra3
Kg7 38. h4 Kf6 39. Kf3 Rb2 40. Ra4 Kg7 41. Ke3 Rc2 42. Ra5 Kg8 43. h5 Kg7
44. hxg6 fxg6 45. f4 h5 46. Ra7+ Kf6 47. Ra6+ Kg7 48. f5 hxg4 49. Rxg6+ Kf7
50. a4 Rc3+ 51. Kf4 Rc4+ 52. Kg5 Rxa4 53. Rb6 g3 54. Rb7+ Kf8 55. Rb2 Kf7
56. Rb7+ 1/2-1/2

[Event "WYb18"]
[Site "Heraklio GRE"]
[Date "2002.11.21"]
[Round "7"]
[White "L'Ami,E"]
[Black "Laznicka,V"]
[Result "1/2-1/2"]
[WhiteElo "2448"]
[BlackElo "2319"]
[EventDate "2002.11.15"]

1. e4 e6 2. d4 d5 3. Nc3 Nf6 4. e5 Nfd7 5. f4 c5 6. Nf3 Nc6 7. Be3 a6 8.
Qd2 b5 9. dxc5 Bxc5 10. Bxc5 Nxc5 11. Qf2 Qb6 12. Bd3 b4 13. Ne2 a5 14. O-O
Ba6 15. Kh1 Na4 16. Qxb6 Nxb6 17. Bxa6 Rxa6 18. b3 Kd7 19. Ned4 Nxd4 20.
Nxd4 Rha8 21. f5 Ke7 22. fxe6 fxe6 23. Nb5 Rc8 24. Nd6 Rf8 25. Rxf8 Kxf8
26. Rf1+ Kg8 27. Rf7 Nc8 28. Rd7 Nxd6 29. exd6 Rc6 30. h4 h5 31. Kh2 Kh7
32. Kg3 Kg6 33. Rd8 e5 34. d7 Rd6 35. Re8 Rxd7 36. Rxe5 a4 37. Kf4 Rc7 38.
Re6+ Kf7 39. Re2 Kf6 40. g4 hxg4 41. Kxg4 Rc3 42. h5 d4 43. bxa4 Ra3 44.
Re4 Rxa4 45. Rxd4 Rxa2 46. Rc4 Kf7 47. Kg5 1/2-1/2

[Event "WYb18"]
[Site "Heraklio GRE"]
[Date "2002.11.21"]
[Round "7"]
[White "Flumbort,A"]
[Black "Plenkovic,Z"]
[Result "1-0"]
[WhiteElo "2446"]
[BlackElo "2277"]
[EventDate "2002.11.15"]

1. Nf3 d6 2. d4 Nd7 3. c4 e5 4. Nc3 g6 5. e4 Bg7 6. Be2 Ne7 7. h4 h6 8. Be3
exd4 9. Nxd4 Nc6 10. h5 g5 11. Nd5 Nde5 12. Nb5 O-O 13. Ndxc7 Rb8 14. Nd5
Be6 15. O-O g4 16. Qd2 a6 17. Nbc7 Kh7 18. Rad1 Bd7 19. b4 Qh4 20. g3 Qxh5
21. Nf4 Qg5 22. b5 axb5 23. cxb5 Ne7 24. Qxd6 N7g6 25. Nxg6 Qxg6 26. Qxg6+
fxg6 27. Bf4 Rf7 28. Rd5 Rc8 29. b6 Nf3+ 30. Bxf3 gxf3 31. e5 Bc6 32. Rc5
Rf5 33. Rxc6 bxc6 34. e6 g5 35. Bd6 Be5 36. b7 Rb8 37. Bxe5 Rxe5 38. Rb1
Kg7 39. Na6 Re8 40. b8=Q Rxb8 41. Nxb8 Rxe6 42. a4 Re4 43. a5 c5 44. Ra1
Re8 45. Nc6 Ra8 46. a6 Kf6 47. a7 Ke6 48. Rd1 c4 49. Rd8 1-0

[Event "WYb18"]
[Site "Heraklio GRE"]
[Date "2002.11.21"]
[Round "7"]
[White "Hanley,C"]
[Black "Schneider,Dm"]
[Result "0-1"]
[WhiteElo "2345"]
[BlackElo "2401"]
[EventDate "2002.11.15"]

1. e4 e6 2. d4 d5 3. Nc3 Bb4 4. e5 c5 5. Bd2 Ne7 6. f4 Nf5 7. Nf3 Nc6 8.
dxc5 Bxc5 9. Bd3 a6 10. a3 b5 11. Bxf5 exf5 12. Ne2 d4 13. Nc1 Bb6 14. Nd3
a5 15. Qe2 h6 16. h3 Qd5 17. O-O O-O 18. Kh2 Be6 19. Rf2 Ne7 20. Rg1 Rac8
21. Bc1 Rc6 22. g4 Rfc8 23. Qd1 Rxc2 24. Rxc2 Rxc2+ 25. Qxc2 Qxf3 26. Rg3
Qe4 27. Qd1 Bd7 28. Bd2 Bc6 29. Nf2 Qd5 30. Qe1 d3 31. Nxd3 fxg4 32. hxg4
h5 33. Qf1 hxg4 34. Rxg4 Nf5 35. e6 Qxe6 36. Ne5 Bb7 37. Qd3 Qh6+ 38. Qh3
Qd6 39. Qd3 Nd4 40. Bc3 Qd5 41. Qf1 f6 42. Ng6 Qh5+ 43. Rh4 Nf3+ 44. Kg3
Qxg6+ 45. Rg4 Qc2 0-1

[Event "WYb18"]
[Site "Heraklio GRE"]
[Date "2002.11.21"]
[Round "8"]
[White "Petrosian,TL"]
[Black "Izoria,Z"]
[Result "1/2-1/2"]
[WhiteElo "2324"]
[BlackElo "2572"]
[EventDate "2002.11.15"]

1. e4 c5 2. Nc3 d6 3. f4 g6 4. Nf3 Bg7 5. Bc4 Nc6 6. O-O e6 7. d3 Nge7 8.
Qe1 h6 9. f5 exf5 10. Qg3 Ne5 11. Bb3 O-O 12. Bf4 Be6 13. Nxe5 dxe5 14.
Bxe5 Bxe5 15. Qxe5 Qd4+ 16. Qxd4 cxd4 17. Nb5 Bxb3 18. axb3 fxe4 19. dxe4
Nc6 20. Rfd1 Rac8 21. c3 dxc3 22. bxc3 a6 23. Nd6 Rc7 24. Rd5 Ne7 25. Rd3
Rd8 26. Rad1 Nc8 27. e5 Ne7 28. Ne4 Rxd3 29. Rxd3 Nc6 30. Rd5 Kf8 31. Nc5
Ke7 32. b4 Nb8 33. Rd6 Nc6 34. Rd5 Na7 35. Rd3 a5 36. e6 b6 37. Na6 Rb7 38.
bxa5 bxa5 39. Nc5 Rc7 40. Na6 Rb7 41. Nc5 1/2-1/2

[Event "WYb18"]
[Site "Heraklio GRE"]
[Date "2002.11.21"]
[Round "8"]
[White "Paragua,M"]
[Black "Maiorov,N"]
[Result "1-0"]
[WhiteElo "2476"]
[BlackElo "2324"]
[EventDate "2002.11.15"]

1. e4 e5 2. d4 exd4 3. Qxd4 Nc6 4. Qe3 Nf6 5. Nc3 Be7 6. Bd2 d5 7. exd5
Nxd5 8. Qg3 Ncb4 9. O-O-O Nxc3 10. bxc3 Nxa2+ 11. Kb2 Be6 12. Qd3 c6 13.
Qxd8+ Rxd8 14. Bd3 c5 15. Nf3 Rd6 16. Rhe1 Bd5 17. Bb5+ Kf8 18. Bf4 Rd8 19.
c4 a6 1-0

[Event "WYb18"]
[Site "Heraklio GRE"]
[Date "2002.11.21"]
[Round "8"]
[White "Gonzalez Menendez,I"]
[Black "L'Ami,E"]
[Result "1-0"]
[WhiteElo "2307"]
[BlackElo "2448"]
[EventDate "2002.11.15"]

1. e4 e6 2. d4 d5 3. Nc3 Bb4 4. e5 c5 5. Bd2 Ne7 6. f4 O-O 7. Nf3 Nbc6 8.
dxc5 Bxc5 9. Bd3 Nf5 10. Qe2 Ncd4 11. Qf1 b5 12. Nxd4 Nxd4 13. O-O-O b4 14.
Ne2 Qa5 15. Kb1 Rb8 16. Nxd4 Bxd4 17. Bxh7+ Kxh7 18. Qd3+ Kg8 19. Qxd4 Qb6
20. Qxb6 Rxb6 21. Be3 Rb7 22. g4 Bd7 23. Rdf1 Rc8 24. b3 Rc3 25. Bd4 Rh3
26. Rf2 a5 27. Rg1 Rb8 28. Rg3 Rxg3 29. hxg3 a4 30. Bc5 1-0

[Event "WYb18"]
[Site "Heraklio GRE"]
[Date "2002.11.21"]
[Round "8"]
[White "Bartel,Mat"]
[Black "Sitnikov,A"]
[Result "1/2-1/2"]
[WhiteElo "2440"]
[BlackElo "2348"]
[EventDate "2002.11.15"]

1. e4 e5 2. Nf3 d6 3. d4 exd4 4. Nxd4 Nf6 5. Nc3 Be7 6. Be2 O-O 7. O-O a6
8. Re1 Re8 9. Bf1 Bf8 10. Bg5 h6 11. Bh4 Nbd7 12. f4 c6 13. Kh1 Qb6 14. Rb1
a5 15. Nf5 Qc7 16. Qd4 Nh5 17. Rbd1 Nxf4 18. Bg3 Ne6 19. Qd2 Ne5 20. Nxd6
Bxd6 21. Qxd6 Qxd6 22. Rxd6 f6 23. Bxe5 fxe5 24. Na4 Rb8 25. Nb6 Nc5 26. a3
a4 27. Bc4+ Be6 28. Nxa4 Nxa4 29. Bxe6+ Kh8 30. h4 Nxb2 31. Kh2 Na4 32. Bf5
Rbd8 33. Red1 Rxd6 34. Rxd6 Nc5 35. Bg6 Rf8 36. g4 Kg8 37. g5 Rf4 38. Rd8+
Rf8 39. Rd6 Rf4 1/2-1/2

[Event "WYb18"]
[Site "Heraklio GRE"]
[Date "2002.11.21"]
[Round "8"]
[White "Lopez Silva,H"]
[Black "Acher,M"]
[Result "1-0"]
[WhiteElo "2348"]
[BlackElo "2308"]
[EventDate "2002.11.15"]

1. e4 e5 2. Nf3 Nc6 3. Bc4 Bc5 4. O-O Nf6 5. d4 exd4 6. e5 d5 7. Bb5 Ne4 8.
Nxd4 Bd7 9. Bxc6 bxc6 10. f3 Ng5 11. Be3 Bb6 12. Qd2 h6 13. Nb3 O-O 14. Nc3
f6 15. f4 Nf7 16. exf6 Qxf6 17. Nc5 Bf5 18. Bd4 Qg6 19. Rf3 Qd6 20. N3a4
Nh8 21. Qc3 Rf7 22. Re1 Ng6 23. g3 Raf8 24. Rfe3 Qd8 25. Ne6 Bxe6 26. Nxb6
cxb6 27. Rxe6 Ne7 28. Be5 d4 29. Qb3 Nf5 30. Rxc6 Qd7 31. Rc7 Qd8 32. Rxa7
Ne3 33. c3 Nd5 34. Rxf7 Rxf7 35. Bxd4 Nxf4 36. gxf4 Qh4 37. Re8+ Kh7 38.
Qc2+ 1-0

[Event "WYb18"]
[Site "Heraklio GRE"]
[Date "2002.11.22"]
[Round "9"]
[White "Izoria,Z"]
[Black "Harikrishna,P"]
[Result "1/2-1/2"]
[WhiteElo "2572"]
[BlackElo "2551"]
[EventDate "2002.11.15"]

1. Nf3 d5 2. d4 Nf6 3. c4 c6 4. e3 Bg4 5. Nc3 e6 6. h3 Bxf3 7. Qxf3 Nbd7 8.
Bd3 Bd6 9. O-O O-O 10. Bd2 Re8 11. Qd1 a6 12. c5 Bc7 13. f4 Qe7 14. b4 Kh8
15. Qf3 Nf8 16. g4 N6d7 17. Rae1 Ng6 18. e4 dxe4 19. Bxe4 Qd8 20. f5 exf5
21. gxf5 Ne7 22. Qf2 Nf6 23. Bg2 Qd7 24. Bg5 Neg8 25. Rd1 Qe7 26. Rfe1 Qf8
27. Rxe8 Rxe8 28. Qf3 Ne7 29. Bxf6 gxf6 30. Re1 Nxf5 31. Rxe8 Qxe8 32. Qxf5
Qe1+ 33. Bf1 Qg3+ 34. Bg2 1/2-1/2

[Event "WYb18"]
[Site "Heraklio GRE"]
[Date "2002.11.22"]
[Round "9"]
[White "Cornette,M"]
[Black "Petrosian,TL"]
[Result "0-1"]
[WhiteElo "2355"]
[BlackElo "2324"]
[EventDate "2002.11.15"]

1. e4 c5 2. Nf3 d6 3. d4 cxd4 4. Nxd4 Nf6 5. Nc3 g6 6. Be3 Bg7 7. f3 O-O 8.
Qd2 Nc6 9. Bc4 Bd7 10. O-O-O Ne5 11. Bb3 Rc8 12. Kb1 a5 13. a4 Nc4 14. Bxc4
Rxc4 15. b3 Rc8 16. g4 Qc7 17. Ndb5 Nxe4 18. Nxe4 Bxb5 19. axb5 d5 20. Nf2
a4 21. b6 Qc6 22. Rc1 axb3 23. c3 Ra8 24. Nd3 Qc4 25. Nb4 Qxb4 0-1

[Event "WYb18"]
[Site "Heraklio GRE"]
[Date "2002.11.22"]
[Round "9"]
[White "Lopez Silva,H"]
[Black "Husnutdinov,D"]
[Result "1/2-1/2"]
[WhiteElo "2348"]
[BlackElo "2346"]
[EventDate "2002.11.15"]

1. e4 e5 2. Nf3 Nc6 3. Bc4 Bc5 4. O-O Nf6 5. d3 d6 6. c3 a6 7. Nbd2 O-O 8.
Bb3 Ba7 9. Re1 Ng4 10. Re2 Nf6 11. Nf1 h6 12. Ng3 Be6 13. Be3 Bxe3 14. Rxe3
Re8 15. Bxe6 Rxe6 16. d4 Re8 17. h3 Rb8 18. dxe5 dxe5 19. Qe2 g6 20. Nh2
Qd7 21. Rd3 Qe6 22. b3 Rbd8 23. Rad1 Kg7 24. Nhf1 Rxd3 25. Rxd3 Rd8 26. Ne3
Rxd3 27. Qxd3 Ne7 28. Kf1 Qd7 29. Ke2 Kf8 30. Nc4 Qxd3+ 31. Kxd3 Nc6 32. b4
Ke7 33. a3 Ke6 1/2-1/2

[Event "WYb18"]
[Site "Heraklio GRE"]
[Date "2002.11.22"]
[Round "9"]
[White "Jianu,V"]
[Black "Laznicka,V"]
[Result "1/2-1/2"]
[WhiteElo "2401"]
[BlackElo "2319"]
[EventDate "2002.11.15"]

1. d4 Nf6 2. c4 e6 3. Nc3 d5 4. Bg5 Be7 5. Nf3 h6 6. Bh4 O-O 7. e3 b6 8.
Bxf6 Bxf6 9. cxd5 exd5 10. Be2 Be6 11. O-O c5 12. Rc1 Nc6 13. dxc5 bxc5 14.
b3 Be7 15. Qd2 c4 16. bxc4 dxc4 17. Qxd8 Rfxd8 18. Nb5 Na5 19. Nfd4 Bd5 20.
Rfd1 Bf8 21. h3 a6 22. Nc3 Bb7 23. Na4 Ba3 24. Rc3 Bb4 25. Rcc1 Ba3 26. Rc3
Bb4 27. Rcc1 1/2-1/2

[Event "WYb18"]
[Site "Heraklio GRE"]
[Date "2002.11.22"]
[Round "9"]
[White "Maiorov,N"]
[Black "Bartel,Mat"]
[Result "1-0"]
[WhiteElo "2324"]
[BlackElo "2440"]
[EventDate "2002.11.15"]

1. d4 Nf6 2. c4 e6 3. Nc3 Bb4 4. Qc2 c5 5. dxc5 O-O 6. a3 Bxc5 7. Nf3 b6 8.
Bg5 Bb7 9. e4 h6 10. Bh4 Be7 11. Be2 d6 12. O-O a6 13. Nd4 Nbd7 14. Rac1
Qc7 15. f3 Ne5 16. Bf2 Nfd7 17. Qd2 Ng6 18. Be3 Rac8 19. b4 Nge5 20. f4
Nxc4 21. Bxc4 Qxc4 22. Nce2 Bxe4 23. Rxc4 Rxc4 24. Rc1 Rfc8 25. Rxc4 Rxc4
26. Nc3 Nf6 27. Nxe4 Nxe4 28. Qd3 d5 29. Ne2 b5 30. f5 Bf6 31. g3 Nd6 32.
fxe6 fxe6 33. Bd4 1-0

[Event "WYb18"]
[Site "Heraklio GRE"]
[Date "2002.11.23"]
[Round "10"]
[White "Berkes,F"]
[Black "Petrosian,TL"]
[Result "1-0"]
[WhiteElo "2545"]
[BlackElo "2324"]
[EventDate "2002.11.15"]

1. c4 c5 2. Nf3 Nc6 3. Nc3 g6 4. e3 Bg7 5. d4 d6 6. d5 Ne5 7. Nxe5 Bxe5 8.
Bd3 f5 9. O-O Nh6 10. Bd2 O-O 11. Qe2 e6 12. f4 Bg7 13. dxe6 Bxe6 14. Qf3
b5 15. Nxb5 Rb8 16. Rab1 d5 17. Qe2 Rxb5 18. cxb5 c4 19. Bc2 Qb6 20. h3 Re8
21. Bc3 Bf7 22. Bxg7 Kxg7 23. Qf2 Rxe3 24. Rfe1 Re6 25. Rxe6 Bxe6 26. Qxb6
axb6 27. b3 Nf7 28. bxc4 dxc4 29. Rd1 Kf6 30. Kf2 Ke7 31. Ke3 Nd6 32. a4
Nb7 33. Rd4 h5 34. g3 Nc5 35. Kd2 Bf7 36. Kc3 Be6 37. Kb4 Nb7 38. h4 Bf7
39. Bd1 Nc5 40. Be2 c3 41. Kxc3 Bb3 42. Kb4 Bxa4 43. Rc4 1-0

[Event "WYb18"]
[Site "Heraklio GRE"]
[Date "2002.11.23"]
[Round "10"]
[White "Paragua,M"]
[Black "Harikrishna,P"]
[Result "1-0"]
[WhiteElo "2476"]
[BlackElo "2551"]
[EventDate "2002.11.15"]

1. e4 c5 2. Nf3 Nc6 3. d4 cxd4 4. Nxd4 Nf6 5. Nc3 e5 6. Ndb5 d6 7. Nd5 Nxd5
8. exd5 Nb8 9. c4 Be7 10. Be2 O-O 11. O-O a6 12. Nc3 Bf5 13. b4 Nd7 14. a4
Rc8 15. a5 e4 16. Na4 Bf6 17. Ra3 Ne5 18. c5 dxc5 19. Nxc5 Nd3 20. Bxd3
exd3 21. Qf3 Bg6 22. Be3 Qd6 23. Nxd3 Bxd3 24. Bc5 Bxf1 25. Bxd6 Rc1 26.
Qe3 Rd1 27. h3 Bb5+ 28. Kh2 Re8 29. Qf3 Ree1 30. Re3 Rh1+ 31. Kg3 h5 32.
Qxh5 Bd7 33. Be7 Bd4 34. Re4 Rd3+ 35. f3 Rd2 36. Qg5 Bf2+ 37. Kf4 Kh7 38.
Bf8 Bd4 39. Rxd4 1-0

[Event "WYb18"]
[Site "Heraklio GRE"]
[Date "2002.11.23"]
[Round "10"]
[White "Drabke,L"]
[Black "Flumbort,A"]
[Result "1/2-1/2"]
[WhiteElo "2374"]
[BlackElo "2446"]
[EventDate "2002.11.15"]

1. e4 c5 2. Nf3 d6 3. Bb5+ Nd7 4. d4 Ngf6 5. Nc3 cxd4 6. Qxd4 e5 7. Qd3 h6
8. Be3 Be7 9. O-O a6 10. Bc4 b5 11. Bd5 Rb8 12. Ba7 Nxd5 13. Nxd5 Rb7 14.
Be3 Nf6 15. Nxe7 Qxe7 16. Nd2 O-O 17. c3 Rd8 18. Qe2 d5 19. exd5 Nxd5 20.
Nb3 Rbd7 21. Nc5 Rc7 22. Nb3 Bb7 23. Rad1 f5 24. f3 Re8 25. Rd2 f4 26. Bf2
Nf6 27. Rdd1 e4 28. fxe4 Nxe4 29. Qg4 Nxf2 30. Rxf2 Rf8 31. Nd4 Qf7 32.
Rdf1 f3 33. Nxf3 Qxa2 34. b3 Qxb3 35. Nd4 Rxf2 36. Nxb3 Rxg2+ 37. Qxg2 Bxg2
38. Kxg2 Rxc3 39. Rf3 Rc4 40. Kg3 Ra4 41. Nc5 Ra2 42. Rb3 1/2-1/2